Gaturro 5 /

Guardado en:
Autor Principal: Nik
Otros Autores: Dzwonik, Cristian
Formato: Libro
Publicado: Buenos Aires : Ediciones de la Flor, 2004
Edición:3a. ed.
Materias:
Etiquetas: Agregar Etiqueta
Sin Etiquetas, Sea el primero en etiquetar este registro!
LEADER 00640nam a22002415a 4500
001 CEM.cems012619
005 20100602124338.0
008 130507s2004##################000#0#####d
003 CEMS
020 |a 9505157649 
082 0 4 |a A867.4 
100 1 |a Nik 
245 1 0 |a Gaturro 5 /  |c Nik [seudónimo] 
250 |a 3a. ed. 
260 |a Buenos Aires :  |b Ediciones de la Flor,  |c 2004 
300 |a 96 p. 
653 |a Humor 
653 |a Historieta 
653 |a Historieta argentina 
653 |a Literatura 
653 |a Literatura argentina 
700 1 |a Dzwonik, Cristian 
859 |a CEMS  |b BIB. CEMS - 11 de abril  |h A867.4  |i N583  |p 23936.07  |t Ej.1  |v 5  |3 5